00563 a2200217 4500260001000000630011500010037001200125650003100137100001700168260001300185245002700198300001000225650002700235260000900262300001000271100000700281440001700288037001100305037001100316020001800327 aParis a91 - Geographie. exploration de la terre, des diverses regions, des divers pays. Voyages. Geographie regionale b1, CIUF a9 - GEOGRAPHIE ET HISTOIRE aClaval, Paul bA. Colin aGéographie cuturelle a279p. aCulture : Géographie c2003 b24 cm lFr aCollection U a07/126 a07/127 a2-200-26360-0